| 000 | 00000cas 2200000zi 4500 |
| 001 | 9.942633 |
| 003 | CaOODSP |
| 005 | 20260123105510 |
| 006 | m o d f |
| 007 | cr cn |||||||| |
| 008 | 240829c20249999onctr p o f0 b0fre|d |
| 022 | |a2818-9051 |
| 040 | |aCaOODSP|bfre|erda|cCaOODSP |
| 043 | |an-cn--- |
| 086 | 1 |aT91-11F-PDF |
| 110 | 1 |aCanada. |bLogement, infrastructures et collectivités Canada, |eauteur, |eorganisme de publication. |
| 222 | 0|aRapport financier trimestriel pour le trimestre terminé le ... |b(Canada. Logement, infrastructures et collectivités Canada) |
| 245 | 10|aRapport financier trimestriel pour le trimestre terminé le ... / |cLogement, infrastructures et collectivités Canada (LICC). |
| 264 | 1|a[Ottawa] : |bLogement, infrastructures et collectivités Canada (LICC), |c[2024]- |
| 310 | |aTrois fois par année |
| 362 | 1 |aParaît depuis : 30 septembre 2024. |
| 500 | |aPublié aussi en anglais sous le titre : Quarterly financial report for the quarter ended ... |
| 588 | |aDescription d'après : 30 septembre 2024; titre de départ du fichier PDF. |
| 588 | |aDernière livraison consultée : 30 septembre 2024. |
| 610 | 16|aCanada. |bLogement, infrastructures et collectivités Canada|vPériodiques. |
| 650 | 6|aFinances publiques|zCanada|vPériodiques. |
| 655 | 7|aPériodiques|2rvmgf |
| 775 | 08|tQuarterly financial report for the quarter ended ... / |w(CaOODSP)9.942632 |
| 780 | 00|tRapport financier trimestriel pour le trimestre se terminant le ... / |w(CaOODSP)9.916049 |